Las enfermedades de la memoria /

Uloženo v:
Podrobná bibliografie
Hlavní autor: Ribot, Théodule-Armand (autor)
Další autoři: Rubio, Ricardo (traducción) (traducción)
Médium: Kniha
Jazyk:španělština
Témata:
Tagy: Přidat tag
Žádné tagy, Buďte první, kdo vytvoří štítek k tomuto záznamu!

MARC

LEADER 00000nam^a2200000^a^4500
001 000381220
005 20250526000000.0
009 20260310120640.026
037 |a Acervo Xavier Clavigero 
041 |a ESP 
082 |a 153. 12  |b RIB 
100 |a Ribot, Théodule-Armand  |e (autor) 
245 1 4 |a Las enfermedades de la memoria /  |c T.A. Ribot ; tr. por R. Rubio. 
264 |a Madrid, España :  |b Librería General de Victoriano Suárez,  |c 1899, c1899 
300 |a VI, 210 p. ;  |c 18.0 cm. 
336 |a texto  |b txt  |2 rdacontenido 
337 |a sin mediación  |b n  |2 rdamedio 
338 |a volumen  |b nc  |2 rdasoporte 
545 0 |a Théodule-Armand Ribot (1839-1916) fue un psicólogo y filósofo francés célebre por haber creado la Ley de Ribot acerca de la amnesia retrograda, la cual se caracteriza por la pérdida de la memoria de eventos que sucedieron antes de la lesión que causó la amnesia. Impartió clases en la Escuela Normal Superior y el Colegio de Francia y su obra más famosa fue su tesis doctoral Herencia: estudio psicológico. Influenciado por la psicología inglesa y alemana Ribot promueve una psicología alejada de la filosofía, la cual debería apoyarse de las ciencias naturales y la fisiología. Algunas de sus obras son: La Psychologie anglaise contemporaine: l'école expérimentale (1870), L'Evolution des idées genérales (1897), Essai sur l'imagination créatrice (1900) y La Logique des sentiments (1904). 
561 |a Ex libris de Instituto de Literatura Puente Grande, Jal. 
561 |a Ex libris de Domus Maior México 
561 |a Ex libris de Bibliotheca Collegii Maximi Prov. Mexicanae, S.J. 
561 |a Ex libris de Bibl. Iunioratus Dom. Prob. S. Ioseph 
561 |a Ex libris manuscrito de Guillermo Gándara 
562 |a Falta cubierta 
649 |a XX 
650 |a Amnesia 
650 |a Memoria y Olvido 
650 |a Memoria -  |x Tema Principal 
650 |a Psicología Evolutiva 
650 |a Psicología Clínica 
700 |a Rubio, Ricardo  |e (traducción) 
910 |a Fondo General 
920 |a Impresos - Libros 
930 |a Libros Antiguos y Raros 
905 |a 108 
901 |a 0500276358  |b IT2  |c LRA  |u 20250526 
902 |a https://opac.biblio.iteso.mx/vufind/Record/000381220